25 Spanish words to english - Statistics

General Stats
  • This quiz has been taken 337 times
  • The average score is 18 of 25
Answer Stats
Hint Answer % Correct
Estupido Stupid
94%
Azul Blue
91%
Policia Police
91%
Presidente President
91%
Por Que Why
91%
Vegetales Vegetables
89%
Buenos Dias Good morning
87%
Temperatura Temperature
87%
Ciudad City
85%
Hola Hi
84%
Pescado Fish
83%
Aeropueto Airport
82%
Manzana Apple
81%
Frutas Fruits
80%
Provincia Province
74%
Simulacion Simulation
69%
Vaca Cow
62%
Pais Country
60%
Ultimo Last
52%
Sangre Blood
51%
Telefono Movil Cellphone
50%
Idiomas Languages
47%
Galletas Cookies
45%
Nube Cloud
31%
Examen Quiz
14%
No matching quizzes found
Score Distribution
Percent of People with Each Score
Percentile by Number Answered
Your Score History
You have not taken this quiz